000 00440pab a2200169 454500
008 180718b1992 xxu||||| |||| 00| 0 eng d
100 _aDukhira , Chit G.
245 _aLocal government in modern Mauritius
260 _c1992
300 _ap.139-152.
362 _aApr-Jun
650 _aLocal Government - Mauritius
650 _aLocal Government
773 _aIndian Journal of Public Administration
908 _aN
909 _a22821
999 _c22821
_d22821